banner-ar

الرأى العام بين الدعاية والاعلام / (Record no. 43362)

MARC details
000 -الفاتح
حقل البيانات ثابتة الطول 00422nam a2200133Ia 4500
008 - عناصر البيانات ثابتة الطول - معلومات عامة
حقل البيانات ثابتة الطول 140319s9999 xx 000 0 ara d
040 ## - مصدر الفهرسة
وكالة الفهرسة الأصلية GCL /
وكالة النسخ GCL
082 04 - رقم تصنيف ديوى العشرى
رقم التصنيف 001.5
رقم المادة ع ر
100 1# - المدخل الرئيسى - إسم شخصى
الإسم الشخصى عواشة محمد حقيق
245 10 - بيان العنوان
العنوان الرأى العام بين الدعاية والاعلام /
بيان المسئوليه,etc عواشة محمد حقيق
300 ## - الوصف المادى
التعداد 230
490 ## - بيان السلسلة
عنوان السلسلة منشورات الجامعة المفتوحة
رقم المجلد/ التعيين التسلسلي 0
Holdings
حالة التراجع حالة الفقد حالة تلف ليس للاعارة المكان المؤقت الموقع الحالى تاريخ الاكتساب اجمالي اﻻعارات رقم الطلب الباركود تاريخ اخر مشاهدة تاريخ تفعيل السعر نوع وعاء كوها
        مكتبة القاهرة الكبرى مكتبة القاهرة الكبرى 03/26/2014   001.5\ع ر 104938 03/26/2014 03/26/2014 كتاب
        مكتبة القاهرة الكبرى مكتبة القاهرة الكبرى 03/26/2014   001.5\ع ر 104939 03/26/2014 03/26/2014 كتاب
        مكتبة القاهرة الكبرى مكتبة القاهرة الكبرى 03/26/2014   001.5\ع ر 104940 03/26/2014 03/26/2014 كتاب

Powered By

EGPV